000
00237nam a2200121Ia 4500
100
_a
Power
942
_c
BK
245
_a
Power Generation System
260
_b
McGraw Hill
_c
2001
082
_a
621.3
300
_a
396
546
_a
ENGLISH
999
_c
20975
_d
20975